Hindu wedding ceremonies: (Record no. 33547)
[ view plain ]
| 000 -LEADER | |
|---|---|
| fixed length control field | 01017nam a22002657a 4500 |
| 005 - DATE AND TIME OF LATEST TRANSACTION | |
| control field | 19970904051429.3 |
| 008 - FIXED-LENGTH DATA ELEMENTS--GENERAL INFORMATION | |
| fixed length control field | 970904m19271929ii a 001 0aeng |
| 010 ## - LCCN (DPL NO) | |
| LC control number | ENG-95797 |
| 020 ## - INTERNATIONAL STANDARD BOOK NUMBER | |
| International Standard Book Number | 9788176503877 |
| Terms of availability | 245.00 |
| 035 ## - SYSTEM CONTROL NUMBER | |
| System control number | EN-79330 |
| 037 ## - SOURCE OF ACQUISITION | |
| Source of stock number/acquisition | DBAD/PUB |
| 040 ## - CATALOGING SOURCE | |
| Original cataloging agency | DPL |
| 082 ## - DEWEY DECIMAL CLASSIFICATION NUMBER | |
| Classification number | 230.65 |
| 100 ## - MAIN ENTRY--PERSONAL NAME | |
| Personal name | Dogra, Ramesh Chander |
| 245 ## - TITLE STATEMENT | |
| Title | Hindu wedding ceremonies: |
| Statement of responsibility, etc | by Ramesh Chander Dogra [and] Urmila Dogra |
| Remainder of title | a unique tradition of life time relationship between man and woman / |
| 260 ## - PUBLICATION, DISTRIBUTION, ETC. (IMPRINT) | |
| Place of publication, distribution, etc | New Delhi |
| Name of publisher, distributor, etc | Star Publications |
| Date of publication, distribution, etc | 2009 |
| 270 ## - ADDRESS | |
| City | New Delhi |
| Postal code | 110002 |
| Address | 4/5b Asaf Ali Road |
| Telephone number | 011-23274874 |
| 300 ## - PHYSICAL DESCRIPTION | |
| Extent | 48p.; |
| Dimensions | 28 cm.(Hb) |
| 650 ## - SUBJECT ADDED ENTRY--TOPICAL TERM | |
| Topical term or geographic name as entry element | Hindu marriage customs and rites |
| 650 ## - SUBJECT ADDED ENTRY--TOPICAL TERM | |
| Topical term or geographic name as entry element | Hinduism |
| General subdivision | Rituals |
| 700 ## - ADDED ENTRY--PERSONAL NAME | |
| Personal name | Dogra, Urmila. |
| 942 ## - ADDED ENTRY ELEMENTS (KOHA) | |
| Source of classification or shelving scheme | Dewey Decimal Classification |
| Item type | English Books |
| Call number suffix | DOG |
| Classification part | 230.65 |
| Withdrawn status | Lost status | Source of classification or shelving scheme | Damaged status | Not for loan | Collection code | Home library | Current library | Date acquired | Source of acquisition | Cost, normal purchase price | Total Checkouts | Full call number | Barcode | Date last seen | Copy number | Cost, replacement price | Koha item type |
|---|---|---|---|---|---|---|---|---|---|---|---|---|---|---|---|---|---|
| Dewey Decimal Classification | Not For Loan | Non-fiction | D.B.Act.Division | D.B.Act.Division | 01/01/2010 | DBAD/PUB | 245.00 | 230.65 DOG | EN-79330 | 09/01/2010 | 1 | 245.00 | English Books |
